[Event "1. OEsterreichische Internet Schach Meisterschaft - Vorrunde 3"]
[Site "Online - Playchess.com"]
[Date ""]
[Round "2"]
[Board "35"]
[White "Polterauer, Chiara"]
[Black "Kruckenhauser, Arthur"]
[Result "1-0"]
[WhiteElo "2178"]
[BlackElo "2233"]
[PlyCount "111"]
[EventDate "2020.04.17"]
[EventRounds "9"]
[EventCountry "AUT"]

1. e4 c5 2. Nf3 d6 3. d4 cxd4 4. Nxd4 Nf6 5. Nc3 g6 6. Be2 Bg7 7. Be3 O-O 8. O-O
Nc6 9. Kh1 d5 10. exd5 Nxd5 11. Nxd5 Qxd5 12. Bf3 Qa5 13. Nxc6 bxc6 14. c3 Rb8 15.
b4 Qc7 16. Qb3 Be6 17. Qc2 Bd5 18. Be2 Qe5 19. Rac1 Rb7 20. Ba6 Rd7 21. Bd4 Qg5 22.
f4 Qh5 23. Be2 Qh4 24. Bxg7 Kxg7 25. Bf3 Bxf3 26. Rxf3 Rfd8 27. Rcf1 Rd2 28. Qe4
Qf6 29. Re3 e6 30. h3 Rxa2 31. Qxc6 Rdd2 32. Rg3 Qh4 33. Qf3 h5 34. c4 Rab2 35. b5
Rdc2 36. Qd3 Rd2 37. Qc3+ Kh7 38. c5 Rxb5 39. Qxd2 Qxg3 40. Qd7 Kg7 41. Qxb5 Qc3
42. c6 a6 43. Qxa6 h4 44. Qb7 Qc4 45. Qb2+ f6 46. Qb7+ Kh6 47. Rb1 Qxf4 48. c7 Qe4
49. Qxe4 f5 50. Qxh4+ Kg7 51. c8=Q g5 52. Qd7+ Kf6 53. Qh6+ Ke5 54. Re1+ Kf4 55.
Qd4+ Kg3 56. Qe3#  1-0

[Event "1. OEsterreichische Internet Schach Meisterschaft - Vorrunde 3"]
[Site "Online - Playchess.com"]
[Date ""]
[Round "2"]
[Board "36"]
[White "Nisavic, Uros"]
[Black "Juenger, Heinz"]
[Result "0-1"]
[WhiteElo "2073"]
[BlackElo "2165"]
[PlyCount "40"]
[EventDate "2020.04.17"]
[EventRounds "9"]
[EventCountry "AUT"]

1. d4 Nf6 2. c4 g6 3. Nc3 d5 4. cxd5 Nxd5 5. e4 Nxc3 6. bxc3 Bg7 7. Nf3 c5 8. Be3
Qa5 9. Qd2 Nc6 10. Rb1 O-O 11. Rb5 cxd4 12. Rxa5 dxe3 13. Qxe3 Nxa5 14. Be2 b6 15.
O-O Bb7 16. h4 Rac8 17. Nd4 Rc5 18. h5 Rfc8 19. hxg6 hxg6 20. Qg5 Rxg5  0-1

[Event "1. OEsterreichische Internet Schach Meisterschaft - Vorrunde 3"]
[Site "Online - Playchess.com"]
[Date ""]
[Round "2"]
[Board "37"]
[White "Pernerstorfer, Max"]
[Black "Froewis, Annika"]
[Result "0-1"]
[WhiteElo "1985"]
[BlackElo "2136"]
[PlyCount "32"]
[EventDate "2020.04.17"]
[EventRounds "9"]
[EventCountry "AUT"]

1. e4 e5 2. Nf3 Nc6 3. Bc4 Bc5 4. O-O Nf6 5. d3 d6 6. c3 a5 7. a4 h6 8. Nbd2 O-O
9. h3 Be6 10. Bxe6 fxe6 11. Qb3 Qe8 12. Qxb7 Bb6 13. Nc4 Ra7 14. Nxd6 Qd7 15. Qxa7
Bxa7 16. Nb5 Bb6  0-1

[Event "1. OEsterreichische Internet Schach Meisterschaft - Vorrunde 3"]
[Site "Online - Playchess.com"]
[Date ""]
[Round "2"]
[Board "38"]
[White "Strodl, Joachim"]
[Black "Missethan, Michael"]
[Result "1-0"]
[WhiteElo "2137"]
[BlackElo "2015"]
[PlyCount "61"]
[EventDate "2020.04.17"]
[EventRounds "9"]
[EventCountry "AUT"]

1. e4 c6 2. d4 d5 3. exd5 cxd5 4. Bd3 Nc6 5. c3 Qc7 6. Ne2 Bg4 7. h3 Bxe2 8. Qxe2
e6 9. Nd2 Nf6 10. Nf3 Bd6 11. Bg5 Be7 12. Ne5 O-O 13. f4 a6 14. O-O b5 15. a3 Na5
16. f5 exf5 17. Rxf5 Nc4 18. Bxf6 Bxf6 19. Rxf6 gxf6 20. Qh5 Rfe8 21. Ng4 Qf4 22.
Nh6+ Kg7 23. Nf5+ Kh8 24. Qxf7 Qg5 25. h4 Qg6 26. Qxd5 Nxb2 27. Rf1 Nxd3 28. Rf3
Ne1 29. Rg3 Qh5 30. Qb7 Nc2 31. Qg7#  1-0

[Event "1. OEsterreichische Internet Schach Meisterschaft - Vorrunde 3"]
[Site "Online - Playchess.com"]
[Date ""]
[Round "2"]
[Board "39"]
[White "Wagner, Leopold Franziskus"]
[Black "Schein, Alexander"]
[Result "1-0"]
[WhiteElo "2168"]
[BlackElo "1631"]
[PlyCount "69"]
[EventDate "2020.04.17"]
[EventRounds "9"]
[EventCountry "AUT"]

1. e4 d5 2. exd5 Nf6 3. c4 e6 4. d4 exd5 5. Nc3 Bb4 6. Qb3 Bxc3+ 7. bxc3 O-O 8. Be2
Re8 9. Be3 dxc4 10. Qxc4 Nc6 11. Nf3 Be6 12. Qd3 Na5 13. Ne5 Nd7 14. O-O Nxe5 15.
dxe5 Bc4 16. Qc2 Rxe5 17. Bxc4 Nxc4 18. Bd4 Rg5 19. f4 Rg6 20. f5 Rg5 21. f6 g6 22.
Rad1 Qe8 23. Rfe1 Qc6 24. Qe2 Nd6 25. h4 Ra5 26. Qe3 Re8 27. Qh6 Nf5 28. Rxe8+ Qxe8
29. Qf4 Qd7 30. g4 Nd6 31. Qh6 Ne8 32. Qf4 Rxa2 33. Re1 Qb5 34. Qh6 Qb2 35. Rxe8#
 1-0

[Event "1. OEsterreichische Internet Schach Meisterschaft - Vorrunde 3"]
[Site "Online - Playchess.com"]
[Date ""]
[Round "2"]
[Board "40"]
[White "Teuschler, Hugo"]
[Black "Kwech, Andreas"]
[Result "0-1"]
[WhiteElo "2055"]
[BlackElo "1901"]
[PlyCount "62"]
[EventDate "2020.04.17"]
[EventRounds "9"]
[EventCountry "AUT"]

1. e4 c5 2. Nf3 d6 3. d4 cxd4 4. Nxd4 Nf6 5. Nc3 g6 6. Be3 Bg7 7. f3 O-O 8. Qd2 Nc6
9. Bc4 Nd7 10. O-O-O Nb6 11. Bb3 Na5 12. Kb1 Nbc4 13. Qe2 Nxe3 14. Qxe3 Nxb3 15.
cxb3 Bd7 16. h4 a5 17. h5 a4 18. hxg6 hxg6 19. b4 a3 20. b3 e6 21. Ndb5 Bxb5 22.
Nxb5 Qf6 23. Qd4 Qg5 24. Qd3 Qe5 25. Nd4 Rac8 26. g3 Rc5 27. f4 Qf6 28. e5 dxe5 29.
fxe5 Rxe5 30. Rhf1 Rf5 31. Rxf5 exf5  0-1

[Event "1. OEsterreichische Internet Schach Meisterschaft - Vorrunde 3"]
[Site "Online - Playchess.com"]
[Date ""]
[Round "2"]
[Board "41"]
[White "Maierhofer, Johann"]
[Black "Steirer, Gerhard"]
[Result "1-0"]
[WhiteElo "2087"]
[BlackElo "1854"]
[PlyCount "137"]
[EventDate "2020.04.17"]
[EventRounds "9"]
[EventCountry "AUT"]

1. e4 c5 2. c4 Nc6 3. Nc3 d6 4. g3 g6 5. Bg2 Bg7 6. Nge2 Nf6 7. O-O O-O 8. d3 a6
9. h3 Bd7 10. Be3 Ne8 11. d4 cxd4 12. Nxd4 e5 13. Nde2 f5 14. f3 Qc8 15. Kh2 Nf6
16. Rc1 Ne8 17. Nd5 Qd8 18. Qd2 Ne7 19. Bg5 Nf6 20. Nxe7+ Qxe7 21. Rfd1 fxe4 22.
fxe4 h6 23. Bxh6 Nh5 24. Bxg7 Kxg7 25. Qxd6 Qxd6 26. Rxd6 Bc6 27. Rd2 Rf2 28. Rcc2
Raf8 29. Nc3 Rxd2 30. Rxd2 Nf6 31. Nd5 b5 32. b3 Nd7 33. Kg1 Nc5 34. cxb5 Bxb5 35.
Ne3 Ne6 36. Ng4 Nd4 37. Nxe5 Ne2+ 38. Kh2 Rf2 39. Ng4 Rf7 40. e5 Nc1 41. Rc2 Nd3
42. Rd2 Ne1 43. Be4 Bc6 44. Bxc6 Re7 45. Re2 Nd3 46. e6 Nc5 47. Bd5 a5 48. Bc4 Nb7
49. Re5 Nd6 50. Bd5 Nf5 51. Ne3 Nd4 52. Nc4 Kf6 53. Re4 Nf3+ 54. Kg2 Ng5 55. Rf4+
Kg7 56. Nxa5 Nxe6 57. Re4 Kf6 58. Rxe6+ Rxe6 59. Bxe6 Kxe6 60. Kf3 Kd6 61. Kg4 Kc5
62. Nc4 Kb4 63. Kg5 Kc3 64. Kxg6 Kd4 65. h4 Kc5 66. h5 Kb4 67. h6 Kb5 68. h7 Kb4
69. h8=Q  1-0

[Event "1. OEsterreichische Internet Schach Meisterschaft - Vorrunde 3"]
[Site "Online - Playchess.com"]
[Date ""]
[Round "2"]
[Board "42"]
[White "Stolzlechner, Thomas"]
[Black "Moritz, Christian"]
[Result "1/2-1/2"]
[WhiteElo "2037"]
[BlackElo "2077"]
[PlyCount "113"]
[EventDate "2020.04.17"]
[EventRounds "9"]
[EventCountry "AUT"]

1. e4 e6 2. d4 d5 3. Nd2 Nf6 4. e5 Nfd7 5. Bd3 c5 6. c3 Nc6 7. Ne2 cxd4 8. cxd4 f6
9. Nf4 Nxd4 10. Qh5+ Ke7 11. exf6+ Nxf6 12. Qe5 Nc6 13. Qe2 Qd6 14. Nf3 e5 15. O-O
Bg4 16. Re1 Kd7 17. Nxe5+ Nxe5 18. Qxe5 Qxe5 19. Rxe5 Bd6 20. Rg5 g6 21. Nxd5 Nxd5
22. Rxg4 Bc5 23. Bb5+ Kc7 24. Bf4+ Kb6 25. Bc4 Nxf4 26. Rxf4 Rhf8 27. Rxf8 Rxf8 28.
Rf1 Bd4 29. b3 Kc5 30. g3 b5 31. Be2 Kb4 32. Kg2 a6 33. a4 Re8 34. axb5 Rxe2 35.
bxa6 Ra2 36. Rd1 Rxf2+ 37. Kh3 Kc3 38. Ra1 Kxb3 39. a7 Bxa7 40. Rxa7 h5 41. Rg7 Rf6
42. Kh4 Kc4 43. Kg5 Rf2 44. Rxg6 Rxh2 45. Rh6 Kd5 46. Rxh5 Rf2 47. g4 Ke6 48. Kh4
Kf7 49. Rf5+ Rxf5 50. gxf5 Kf6 51. Kg4 Kf7 52. Kg5 Kg7 53. f6+ Kf7 54. Kf5 Kf8 55.
Ke6 Ke8 56. f7+ Kf8 57. Kf6  1/2-1/2

[Event "1. OEsterreichische Internet Schach Meisterschaft - Vorrunde 3"]
[Site "Online - Playchess.com"]
[Date ""]
[Round "2"]
[Board "43"]
[White "Lichtl, Erich"]
[Black "Auinger, Marcel"]
[Result "1/2-1/2"]
[WhiteElo "2096"]
[BlackElo "1808"]
[PlyCount "82"]
[EventDate "2020.04.17"]
[EventRounds "9"]
[EventCountry "AUT"]

1. d4 c6 2. Nc3 d5 3. Bf4 Bf5 4. e3 e6 5. f3 Bd6 6. Nge2 Nf6 7. g4 Bg6 8. h4 h6 9.
Bxd6 Qxd6 10. Nf4 Bh7 11. Bd3 Bxd3 12. Qxd3 Nbd7 13. O-O-O O-O-O 14. Kb1 c5 15. dxc5
Nxc5 16. Qd2 Qb6 17. Nd3 Kb8 18. Nxc5 Qxc5 19. g5 hxg5 20. hxg5 Rxh1 21. Rxh1 Nd7
22. a3 Ne5 23. Qh2 f6 24. gxf6 gxf6 25. f4 Nc4 26. f5+ e5 27. Qh6 Qb6 28. Na4 Qd6
29. Ka2 Nb6 30. Nxb6 Qxb6 31. Rg1 Qd6 32. Rg6 Rf8 33. Qg7 d4 34. exd4 exd4 35. Rg3
Rc8 36. Rb3 Qc7 37. Qxf6 Qxc2 38. Qe5+ Ka8 39. Qxd4 Qxf5 40. Rb4 Qe6+ 41. Rb3 Qc6
 1/2-1/2

[Event "1. OEsterreichische Internet Schach Meisterschaft - Vorrunde 3"]
[Site "Online - Playchess.com"]
[Date ""]
[Round "2"]
[Board "45"]
[White "Borrmann, Laurenz"]
[Black "Reyhani, Adel"]
[Result "1-0"]
[WhiteElo "1880"]
[BlackElo "1918"]
[PlyCount "93"]
[EventDate "2020.04.17"]
[EventRounds "9"]
[EventCountry "AUT"]

1. e4 c5 2. Nf3 d6 3. d3 Nf6 4. g3 g6 5. Bg2 Bg7 6. O-O O-O 7. Nc3 Nc6 8. h3 Rb8
9. Be3 Bd7 10. Qd2 b5 11. Bh6 Nd4 12. Bxg7 Kxg7 13. Nxd4 cxd4 14. Ne2 e5 15. f4 Qc8
16. Rac1 Bxh3 17. c3 Bxg2 18. Kxg2 dxc3 19. Nxc3 Ng4 20. Nxb5 Qa6 21. Nc3 Qb6 22.
Na4 Qd4 23. b3 Ne3+ 24. Kh2 Nxf1+ 25. Rxf1 Rfc8 26. f5 h6 27. f6+ Kh7 28. Rf2 d5
29. exd5 Qxd5 30. Kg1 Qd4 31. Kh1 Rd8 32. Rh2 h5 33. g4 Qxg4 34. Nc5 Rbc8 35. Ne4
Qxe4+ 36. dxe4 Rxd2 37. Rxd2 Rc1+ 38. Kh2 Re1 39. Rd7 Rxe4 40. Rxf7+ Kh6 41. Rxa7
Rf4 42. f7 Kg7 43. a4 e4 44. a5 e3 45. Re7 Rf2+ 46. Kg3 e2 47. Kxf2  1-0

[Event "1. OEsterreichische Internet Schach Meisterschaft - Vorrunde 3"]
[Site "Online - Playchess.com"]
[Date ""]
[Round "2"]
[Board "46"]
[White "Wilplinger, Hugo"]
[Black "Gartmayer, Stefan"]
[Result "0-1"]
[WhiteElo "1629"]
[BlackElo "1914"]
[PlyCount "62"]
[EventDate "2020.04.17"]
[EventRounds "9"]
[EventCountry "AUT"]

1. e4 c5 2. Nf3 e6 3. b3 d5 4. exd5 exd5 5. Bb2 Nc6 6. Be2 Nf6 7. O-O Be7 8. d4 O-O
9. dxc5 Be6 10. a3 Bxc5 11. Re1 a6 12. Nc3 Ng4 13. Rf1 Qd7 14. h3 Nf6 15. Na4 Be7
16. Nb6 Qd8 17. Nxa8 Qxa8 18. c4 Rd8 19. cxd5 Nxd5 20. Qb1 Nf4 21. Bc4 Bxc4 22. bxc4
b5 23. cxb5 axb5 24. Ne5 Nd4 25. f3 Nde2+ 26. Kh2 Bh4 27. Qe4 Bg3+ 28. Kh1 Qc8 29.
Rad1 Re8 30. Qb1 Nxh3 31. gxh3 Qxh3#  0-1

[Event "1. OEsterreichische Internet Schach Meisterschaft - Vorrunde 3"]
[Site "Online - Playchess.com"]
[Date ""]
[Round "2"]
[Board "47"]
[White "Kaltenbeck, Dieter"]
[Black "Schroll, Gerhard"]
[Result "0-1"]
[WhiteElo "1314"]
[BlackElo "2321"]
[PlyCount "22"]
[EventDate "2020.04.17"]
[EventRounds "9"]
[EventCountry "AUT"]

1. a3 d5 2. Nf3 Nc6 3. e3 e5 4. c4 d4 5. exd4 exd4 6. Qe2+ Be7 7. d3 Nf6 8. g3 O-O
9. Bg2 Re8 10. O-O Bxa3 11. bxa3 Rxe2  0-1

[Event "1. OEsterreichische Internet Schach Meisterschaft - Vorrunde 3"]
[Site "Online - Playchess.com"]
[Date ""]
[Round "2"]
[Board "48"]
[White "Mayrhuber, Nikola"]
[Black "Alvir, Aco"]
[Result "0-1"]
[WhiteElo "2025"]
[BlackElo "2338"]
[PlyCount "102"]
[EventDate "2020.04.17"]
[EventRounds "9"]
[EventCountry "AUT"]

1. d4 Nf6 2. c4 g6 3. Nf3 Bg7 4. Nc3 O-O 5. e4 d6 6. Be2 e5 7. O-O Nc6 8. dxe5 Nxe5
9. Nxe5 dxe5 10. Bg5 c6 11. Qc2 h6 12. Be3 Qe7 13. f3 Be6 14. Rfd1 Rfd8 15. Na4 b6
16. Nc3 Nh5 17. Bf1 Nf4 18. Ne2 Nh5 19. Rac1 Nf6 20. Nc3 Bf8 21. a3 Kh7 22. b4 Rxd1
23. Rxd1 Rd8 24. c5 b5 25. Ne2 Rd7 26. Ng3 Qd8 27. Rxd7 Nxd7 28. Qd2 Qc7 29. h4 h5
30. Bg5 a5 31. Ne2 axb4 32. axb4 Qa7 33. Nc1 Qa1 34. Kh2 f6 35. Be3 Be7 36. Be2 Kg7
37. Bh6+ Kf7 38. Be3 Qa3 39. g4 hxg4 40. fxg4 f5 41. exf5 gxf5 42. gxf5 Bxf5 43.
h5 Nf6 44. h6 Nd5 45. Bh5+ Ke6 46. Qg2 Qxe3 47. Qg8+ Kd7 48. Qe8+ Kc7 49. Qa8 Qh3+
50. Kg1 Qg3+ 51. Kh1 Be4+  0-1

[Event "1. OEsterreichische Internet Schach Meisterschaft - Vorrunde 3"]
[Site "Online - Playchess.com"]
[Date ""]
[Round "2"]
[Board "49"]
[White "Weichhart, Daniel"]
[Black "Platzgummer, Fabian"]
[Result "1-0"]
[WhiteElo "1648"]
[BlackElo "2336"]
[PlyCount "123"]
[EventDate "2020.04.17"]
[EventRounds "9"]
[EventCountry "AUT"]

1. d4 d5 2. Bf4 Nf6 3. Nd2 c5 4. e3 Nc6 5. Ngf3 Bf5 6. c3 e6 7. Qb3 Qb6 8. Qxb6 axb6
9. Bc7 Nd7 10. Bb5 Rc8 11. Bg3 Be7 12. O-O O-O 13. Nh4 Bg4 14. h3 Bh5 15. Nhf3 f6
16. dxc5 bxc5 17. e4 Nde5 18. exd5 exd5 19. Rfe1 Nxf3+ 20. Nxf3 Bxf3 21. gxf3 Kf7
22. Re2 Rfe8 23. Rae1 Bf8 24. Kf1 g6 25. Rxe8 Rxe8 26. Rxe8 Kxe8 27. Ke2 Kd7 28.
Ke3 f5 29. Bh4 Bh6+ 30. f4 Kd6 31. Bg5 Bg7 32. f3 d4+ 33. Kd3 dxc3 34. bxc3 h6 35.
Bh4 b6 36. Bf2 Ne7 37. h4 Nd5 38. Be3 c4+ 39. Bxc4 Nxc3 40. Bf7 Nd5 41. Bxg6 Ke6
42. Bh7 Ne7 43. Bxb6 Bf6 44. h5 Nd5 45. Bg8+ Kd6 46. Bxd5 Kxd5 47. a4 Kc6 48. a5
Kb5 49. Ke3 Bc3 50. Bd8 Bb2 51. Kd3 Bc1 52. a6 Kxa6 53. Kc4 Bxf4 54. Kd5 Kb7 55.
Ke6 Kc8 56. Bf6 Bc1 57. Kxf5 Kd7 58. Kg6 Ke6 59. Bg7 Be3 60. Bxh6 Bd4 61. Bg7 Ba1
62. h6  1-0

[Event "1. OEsterreichische Internet Schach Meisterschaft - Vorrunde 3"]
[Site "Online - Playchess.com"]
[Date ""]
[Round "2"]
[Board "50"]
[White "Hofmann, Thomas"]
[Black "Friedl, Markus"]
[Result "1-0"]
[WhiteElo "2215"]
[BlackElo "1824"]
[PlyCount "87"]
[EventDate "2020.04.17"]
[EventRounds "9"]
[EventCountry "AUT"]

1. d4 d5 2. c4 e6 3. Nc3 Nf6 4. cxd5 exd5 5. Bg5 Be7 6. e3 O-O 7. Bd3 h6 8. Bh4 c6
9. Nge2 Nbd7 10. Qc2 Nb6 11. O-O Bg4 12. f3 Bd7 13. Kh1 Bd6 14. Bf2 Ne8 15. e4 dxe4
16. fxe4 Bg4 17. e5 Be7 18. Bf5 Bxf5 19. Qxf5 Nc7 20. Rad1 Ncd5 21. Qg4 Qc8 22. Qg3
Qe6 23. Nf4 Nxf4 24. Qxf4 Nd5 25. Qf3 Rad8 26. Ne4 a6 27. Ng3 Bg5 28. Bg1 Ne7 29.
Ne4 Nd5 30. Qb3 Rd7 31. Nc5 Qe7 32. Nxd7 Qxd7 33. g3 Rd8 34. Qf3 f6 35. Rfe1 fxe5
36. dxe5 Rf8 37. Qg2 Qe6 38. Bc5 Rf7 39. h4 Bd8 40. Bd6 Bb6 41. Rd2 Ba7 42. Rde2
Bb6 43. Kh2 Bc7 44. Qh3  1-0

[Event "1. OEsterreichische Internet Schach Meisterschaft - Vorrunde 3"]
[Site "Online - Playchess.com"]
[Date ""]
[Round "2"]
[Board "51"]
[White "Bachler, Reinhard"]
[Black "Rotter, Harald"]
[Result "1/2-1/2"]
[WhiteElo "2143"]
[BlackElo "1854"]
[PlyCount "149"]
[EventDate "2020.04.17"]
[EventRounds "9"]
[EventCountry "AUT"]

1. f4 e6 2. Nf3 b6 3. b3 Bb7 4. e3 a6 5. Bb2 d6 6. Nc3 g6 7. Be2 Bg7 8. O-O Ne7 9.
Ng5 h6 10. Bf3 d5 11. Nh3 Nd7 12. Nf2 c5 13. e4 d4 14. Ne2 O-O 15. d3 Qc7 16. Bc1
f5 17. Ng3 Nf6 18. Qe2 Rae8 19. h3 h5 20. Re1 h4 21. Nf1 Bh6 22. exf5 exf5 23. Bxb7
Qxb7 24. Qe6+ Kg7 25. Bd2 Qc7 26. Qe5 Qd7 27. Qe2 Ned5 28. Qf3 Qc7 29. a3 Bxf4 30.
Bxf4 Qxf4 31. Nd2 Qxf3 32. Nxf3 Ne3 33. Re2 Nfd5 34. Nxh4 Nc3 35. Rd2 Ned5 36. Nf3
Ne2+ 37. Kh2 Nef4 38. g3 Ne2 39. Re1 Nec3 40. Rxe8 Rxe8 41. g4 Ne3 42. Kg1 Nb1 43.
Re2 Nxa3 44. gxf5 gxf5 45. b4 Naxc2 46. bxc5 bxc5 47. Nh4 Kf6 48. Ng2 Rg8 49. Nh1
Nxg2 50. Rxg2 Rxg2+ 51. Kxg2 Ne1+ 52. Kf2 Nxd3+ 53. Ke2 c4 54. Ng3 Nf4+ 55. Kd2 Nxh3
56. Ne2 Nf2 57. Nxd4 Ne4+ 58. Ke3 c3 59. Nc2 a5 60. Na3 a4 61. Nc2 Ke5 62. Kd3 f4
63. Na3 Kd5 64. Nc2 f3 65. Ne3+ Ke5 66. Nc4+ Kd5 67. Ne3+ Ke5 68. Nc4+ Kf4 69. Ne3
f2 70. Nf1 Ng3 71. Nh2 a3 72. Kxc3 f1=Q 73. Nxf1 Nxf1 74. Kb3 Nd2+ 75. Kxa3  1/2-1/2

[Event "1. OEsterreichische Internet Schach Meisterschaft - Vorrunde 3"]
[Site "Online - Playchess.com"]
[Date ""]
[Round "2"]
[Board "52"]
[White "Stolzlechner, Andreas"]
[Black "Hatzl, Johannes"]
[Result "1-0"]
[WhiteElo "1883"]
[BlackElo "2131"]
[PlyCount "139"]
[EventDate "2020.04.17"]
[EventRounds "9"]
[EventCountry "AUT"]

1. e4 e5 2. Nf3 Nc6 3. Bc4 Bc5 4. c3 Nf6 5. d3 a6 6. Bb3 Ba7 7. O-O O-O 8. Re1 h6
9. h3 d6 10. Nbd2 Be6 11. Bc2 Ne7 12. Nf1 Ng6 13. Ng3 Qd7 14. d4 c6 15. Be3 Qc7 16.
Qd2 Rad8 17. Nf5 Bxf5 18. exf5 Ne7 19. Bxh6 gxh6 20. Qxh6 Ned5 21. c4 Nb4 22. Bb1
Rfe8 23. Qxf6 Qe7 24. Qh6 Qf8 25. Qxf8+ Kxf8 26. a3 exd4 27. axb4 c5 28. b5 Rxe1+
29. Nxe1 Re8 30. Kf1 Re5 31. bxa6 bxa6 32. Rxa6 Bb8 33. Ra8 Re8 34. f6 Kg8 35. Nc2
Kf8 36. Na3 Bc7 37. Rxe8+ Kxe8 38. Nb5 Ba5 39. Nxd6+ Kd7 40. Nb5 Ke6 41. Ke2 Kxf6
42. g4 Ke5 43. Kf3 Bd8 44. Bd3 Bg5 45. b3 Bd2 46. Nc7 Bg5 47. Nd5 Bc1 48. Kg3 Bd2
49. f4+ Kd6 50. Kf3 Ke6 51. Ke4 Kd6 52. Kf5 Kd7 53. Kf6 Ke8 54. h4 Kf8 55. h5 Kg8
56. Ke7 Bc1 57. Kd6 Ba3 58. h6 Kh8 59. h7 Bc1 60. Kxc5 Bb2 61. b4 Ba3 62. Kc6 Kg7
63. b5 f5 64. Bxf5 Kh8 65. b6 d3 66. Bxd3 Bf8 67. b7 Kg7 68. b8=Q Bd6 69. Qg8+ Kh6
70. Qg6#  1-0

[Event "1. OEsterreichische Internet Schach Meisterschaft - Vorrunde 3"]
[Site "Online - Playchess.com"]
[Date ""]
[Round "2"]
[Board "53"]
[White "Meglitsch, Konstantin"]
[Black "Kessler, Manuel"]
[Result "1-0"]
[WhiteElo "2041"]
[BlackElo "1731"]
[PlyCount "55"]
[EventDate "2020.04.17"]
[EventRounds "9"]
[EventCountry "AUT"]

1. e4 c5 2. Nc3 e6 3. g3 Nc6 4. Bg2 Nf6 5. Nge2 d5 6. exd5 exd5 7. d4 Be7 8. O-O
O-O 9. Be3 cxd4 10. Nxd4 Re8 11. h3 a6 12. a3 Bd7 13. Qf3 Qc8 14. Kh2 Nxd4 15. Bxd4
Bc6 16. Rfe1 Ne4 17. Qh5 Qd7 18. Rad1 Rad8 19. Nxe4 dxe4 20. Bxg7 Qxd1 21. Rxd1 Rxd1
22. Qxd1 Kxg7 23. Qg4+ Kh8 24. Bxe4 Bc5 25. Bxc6 bxc6 26. Qf5 Bb6 27. Qxf7 Re2 28.
Qf8#  1-0

[Event "1. OEsterreichische Internet Schach Meisterschaft - Vorrunde 3"]
[Site "Online - Playchess.com"]
[Date ""]
[Round "2"]
[Board "54"]
[White "Huber, Guenther"]
[Black "Schroettner, Martin"]
[Result "0-1"]
[WhiteElo "1979"]
[BlackElo "1934"]
[PlyCount "90"]
[EventDate "2020.04.17"]
[EventRounds "9"]
[EventCountry "AUT"]

1. c4 c6 2. g3 d5 3. cxd5 cxd5 4. Bg2 Nc6 5. d4 Nf6 6. Nf3 Bg4 7. O-O Rc8 8. Nc3
a6 9. Bg5 e6 10. h3 Bh5 11. Ne5 Be7 12. g4 Bg6 13. Rc1 O-O 14. Qd2 Nd7 15. Bxe7 Qxe7
16. Nxg6 hxg6 17. e3 Nb6 18. b3 Rc7 19. Ne2 Rfc8 20. Nf4 Qb4 21. Qd3 Qd6 22. Qd2
Qb4 23. Qe2 Qd6 24. Nd3 Nd7 25. Nc5 Ne7 26. Nd3 Nc6 27. f4 Nb4 28. Ne5 Rxc1 29. Nxd7
Qxd7 30. Rxc1 Rxc1+ 31. Kh2 Rc2 32. Qf3 Rxa2 33. f5 Qd6+ 34. Kg1 Ra1+ 35. Kf2 Nd3+
36. Ke2 Nc1+ 37. Kf2 Nxb3 38. fxg6 fxg6 39. Qe2 Qa3 40. Kg3 Ra2 41. Qd3 Nc1 42. Qxg6
Qxe3+ 43. Kh4 Qh6+ 44. Qxh6 gxh6 45. Kh5 Rxg2  0-1

[Event "1. OEsterreichische Internet Schach Meisterschaft - Vorrunde 3"]
[Site "Online - Playchess.com"]
[Date ""]
[Round "2"]
[Board "55"]
[White "Kranz, Armin"]
[Black "Neuschmied, Siegfried"]
[Result "0-1"]
[WhiteElo "2119"]
[BlackElo "2268"]
[PlyCount "82"]
[EventDate "2020.04.17"]
[EventRounds "9"]
[EventCountry "AUT"]

1. d4 Nf6 2. Nf3 g6 3. g3 Bg7 4. c4 d6 5. Bg2 O-O 6. O-O Nbd7 7. b3 e5 8. dxe5 Ng4
9. Nc3 Ndxe5 10. Bb2 Re8 11. Qd2 Bh6 12. e3 Rb8 13. Nxe5 Nxe5 14. h3 Bxh3 15. f4
Bxg2 16. Kxg2 Ng4 17. Rae1 Bg7 18. Nd5 Bxb2 19. Qxb2 c6 20. Kf3 h5 21. Nc3 Qf6 22.
Re2 Re7 23. Qd2 Rbe8 24. e4 Ne5+ 25. Kg2 Ng4 26. f5 g5 27. Rh1 h4 28. gxh4 gxh4 29.
Rg1 Kf8 30. Kh3 Ne5 31. Reg2 Rc7 32. Rg8+ Ke7 33. Rxe8+ Kxe8 34. Rg8+ Ke7 35. Qd4
b6 36. Ne2 Qh6 37. Qf2 Rd7 38. Qg2 Qe3+ 39. Kh2 Nf3+ 40. Kh1 Qxe4 41. Nc3 Qe1+  0-1

[Event "1. OEsterreichische Internet Schach Meisterschaft - Vorrunde 3"]
[Site "Online - Playchess.com"]
[Date ""]
[Round "2"]
[Board "56"]
[White "Werdecker, Roland"]
[Black "Fuchs, Georg"]
[Result "1/2-1/2"]
[WhiteElo "1960"]
[BlackElo "2211"]
[PlyCount "119"]
[EventDate "2020.04.17"]
[EventRounds "9"]
[EventCountry "AUT"]

1. d4 d5 2. Nf3 Nf6 3. g3 e6 4. Bg2 Be7 5. O-O O-O 6. Nbd2 b6 7. c4 Bb7 8. Qc2 Nbd7
9. Rd1 c5 10. dxc5 bxc5 11. h3 h6 12. Nh2 Qb6 13. b3 Rfd8 14. Bb2 a5 15. Rac1 a4
16. cxd5 exd5 17. Ndf1 axb3 18. Qxb3 Qxb3 19. axb3 Ra2 20. Bxf6 Nxf6 21. Ne3 Rxe2
22. Nhg4 Nxg4 23. hxg4 d4 24. Bxb7 dxe3 25. Rxd8+ Bxd8 26. fxe3 Rxe3 27. Rxc5 Rxg3+
28. Kh2 Rxb3 29. Be4 Rb4 30. Bc2 g6 31. Rc8 Rd4 32. Kg3 Kg7 33. Kf3 Be7 34. Rc7 Bd6
35. Rd7 Rd2 36. Be4 Kf6 37. Ra7 Rf2+ 38. Kxf2 Bc5+ 39. Kf3 Bxa7 40. Bd5 Ke7 41. Bc6
f5 42. gxf5 gxf5 43. Kf4 Kf6 44. Bd7 Bb8+ 45. Kf3 Kg5 46. Kg2 h5 47. Kh3 Kf4 48.
Be8 Kg5 49. Bd7 Ba7 50. Bc6 f4 51. Bf3 Bf2 52. Be2 h4 53. Bf3 Kf5 54. Bg2 Ke5 55.
Kg4 Bg3 56. Kf3 Kd4 57. Bh3 Kd3 58. Bf1+ Kd2 59. Bg2 Ke1 60. Bh3  1/2-1/2

[Event "1. OEsterreichische Internet Schach Meisterschaft - Vorrunde 3"]
[Site "Online - Playchess.com"]
[Date ""]
[Round "2"]
[Board "57"]
[White "Grafenberger, Dieter"]
[Black "Ragger, Anna-Christina"]
[Result "1/2-1/2"]
[WhiteElo "1953"]
[BlackElo "2204"]
[PlyCount "111"]
[EventDate "2020.04.17"]
[EventRounds "9"]
[EventCountry "AUT"]

1. d4 Nf6 2. Bg5 e6 3. e3 h6 4. Bh4 g5 5. Bg3 d6 6. Bd3 Bg7 7. Nd2 b6 8. Ngf3 Bb7
9. e4 Nbd7 10. Qe2 Qe7 11. c3 c5 12. h4 g4 13. Ng1 e5 14. dxe5 Nxe5 15. Bxe5 dxe5
16. O-O-O O-O-O 17. Ba6 Kc7 18. Bxb7 Kxb7 19. Qb5 h5 20. f3 Bh6 21. Kc2 Bxd2 22.
Rxd2 Rxd2+ 23. Kxd2 Rd8+ 24. Kc2 Qd6 25. Qe2 Qc6 26. b3 a5 27. Qe3 c4 28. Ne2 Rd3
29. Qg5 Nxe4 30. Qe7+ Rd7 31. Qxe5 Rd2+ 32. Kc1 Rxe2 33. fxe4 Qxe4 34. Qxe4+ Rxe4
35. Rf1 Re2 36. Rxf7+ Ka6 37. Rf5 Rxa2 38. bxc4 Rxg2 39. Rxh5 g3 40. Rg5 a4 41. Kb1
a3 42. h5 b5 43. cxb5+ Ka5 44. b6+ Kxb6 45. h6 Rb2+ 46. Ka1 Rh2 47. Rxg3 Rxh6 48.
Ka2 Kc5 49. Kxa3 Kc4 50. Kb2 Rh2+ 51. Kb1 Kb3 52. Kc1 Rc2+ 53. Kd1 Ra2 54. c4+ Kxc4
55. Kc1 Rh2 56. Kd1  1/2-1/2

[Event "1. OEsterreichische Internet Schach Meisterschaft - Vorrunde 3"]
[Site "Online - Playchess.com"]
[Date ""]
[Round "2"]
[Board "59"]
[White "Schernthaner, David"]
[Black "Wischounig, Laurin"]
[Result "1-0"]
[WhiteElo "2220"]
[BlackElo "1878"]
[PlyCount "45"]
[EventDate "2020.04.17"]
[EventRounds "9"]
[EventCountry "AUT"]

1. e4 c6 2. d4 d5 3. Nd2 dxe4 4. Nxe4 Bf5 5. Qf3 e6 6. Ne2 Nf6 7. Nxf6+ Qxf6 8. Qb3
b6 9. Be3 Be7 10. Ng3 Bg6 11. h4 h6 12. h5 Bh7 13. Bd3 Bxd3 14. Qxd3 O-O 15. O-O-O
Nd7 16. Ne4 Qf5 17. g4 Qxg4 18. Rdg1 Qf5 19. Bxh6 Nf6 20. Qg3 Ne8 21. f3 Bf6 22.
Nxf6+ Qxf6 23. Bxg7  1-0